[Event "HUN-chT2 Toth 0203"]
[Site "Hungary"]
[Date "2003.02.16"]
[Round "7"]
[White "Czapos, Peter"]
[Black "Kalo, Istvan"]
[Result "1/2-1/2"]
[WhiteElo "2101"]
[BlackElo "2019"]
[PlyCount "59"]
[EventDate "2002.09.22"]
[EventType "team"]
[EventRounds "11"]
[EventCountry "HUN"]
[SourceTitle "EXT 2009"]
[Source "ChessBase"]
[SourceDate "2008.11.26"]
[SourceVersion "1"]
[SourceVersionDate "2008.11.26"]
[SourceQuality "1"]

1. e4 e6 2. d4 b6 3. Nf3 Bb7 4. Bd3 c5 5. c3 Nf6 6. Bg5 Be7 7. Nbd2 Nc6 8. Bxf6 Bxf6 9. e5 Be7 10. Qc2 cxd4 11. cxd4 Nb4 12. Qb3 Nxd3+ 13. Qxd3 0-0 14. 0-0 d5 15. Rfc1 Qd7 16. a3 a5 17. Rc3 Ba6 18. Qe3 Rac8 19. Rac1 h6 20. Nf1 Rxc3 21. Rxc3 Qb5 22. Qc1 Qd7 23. Rc7 Rc8 24. Rxc8+ Qxc8 25. Qxc8+ Bxc8 26. N3d2 Ba6 27. f4 a4 28. Kf2 b5 29. Nb1 b4 30. Nbd2 1/2-1/2

[Event "Ditzingen op"]
[Site "Ditzingen"]
[Date "2002.??.??"]
[Round "1"]
[White "Czapos, Peter"]
[Black "Milov, Leonid"]
[Result "0-1"]
[WhiteElo "2101"]
[BlackElo "2470"]
[PlyCount "49"]
[EventDate "2002.05.??"]
[EventType "swiss"]
[EventRounds "9"]
[EventCountry "GER"]
[SourceTitle "EXT 2003"]
[Source "ChessBase"]
[SourceDate "2002.11.25"]
[SourceVersion "1"]
[SourceVersionDate "2002.11.25"]
[SourceQuality "1"]

1. b3 d5 2. Bb2 Bg4 3. h3 Bh5 4. d3 Nc6 5. Qc1 e5 6. g4 Bg6 7. Bg2 h5 8. Nf3 f6 9. g5 h4 10. Nbd2 Nge7 11. c4 Qd7 12. a3 0-0-0 13. c5 e4 14. Nd4 exd3 15. gxf6 Nxd4 16. Bxd4 Nc6 17. fxg7 Bxg7 18. Bxg7 Qxg7 19. e3 Bh5 20. Bf1 Rhf8 21. Rh2 Nd4 22. Ra2 Nf3+ 23. Nxf3 Bxf3 24. Kd2 Qg5 25. Bxd3 0-1

[Event "Erkel Memorial op"]
[Site "Gyula"]
[Date "2001.11.05"]
[Round "7"]
[White "Czapos, Peter"]
[Black "Szeles, Ambrus"]
[Result "1-0"]
[WhiteElo "2121"]
[BlackElo "2087"]
[PlyCount "171"]
[EventDate "2001.10.30"]
[EventType "swiss"]
[EventRounds "9"]
[EventCountry "HUN"]
[SourceTitle "EXT 2008"]
[Source "ChessBase"]
[SourceDate "2007.11.25"]
[SourceVersion "1"]
[SourceVersionDate "2007.11.25"]
[SourceQuality "1"]

1. e4 e5 2. Nf3 Nc6 3. Bb5 a6 4. Ba4 Nf6 5. 0-0 b5 6. Bb3 Be7 7. Re1 0-0 8. c3 h6 9. d4 d6 10. h3 Nh7 11. Nbd2 Bf6 12. Nf1 Ne7 13. Be3 g5 14. Ng3 Ng6 15. Nh2 Kh8 16. Nf5 Bg7 17. Ng4 Bxf5 18. exf5 Ne7 19. Qf3 Ng8 20. Rad1 f6 21. h4 h5 22. Nh2 g4 23. Qe4 Ne7 24. d5 Ng8 25. Nf1 Qe8 26. Ng3 Nh6 27. Qd3 Qf7 28. Qd2 Ng8 29. Bc2 Ne7 30. Be4 Rg8 31. Qc1 Nc8 32. c4 Nb6 33. c5 Nc4 34. b3 Nxe3 35. Qxe3 Rgd8 36. Re2 Rab8 37. Rc2 Bf8 38. b4 Kg7 39. f3 Kh8 40. Rd3 Be7 41. fxg4 hxg4 42. Qh6 Bf8 43. Qg6 Rd7 44. Qxg4 Qe8 45. Nh5 Rf7 46. Rg3 Bh6 47. Qf3 Qe7 48. Rg6 Qf8 49. Rc3 Bd2 50. Rb3 dxc5 51. bxc5 Qxc5+ 52. Kh2 Be1 53. Kh3 Qf2 54. Qxf2 Bxf2 55. Rf3 Be1 56. Rf1 Bd2 57. Rf2 Be3 58. Rc2 Rc8 59. Rc6 Rcf8 60. Rxa6 Bc5 61. g4 Bd6 62. g5 b4 63. Rh6 b3 64. g6 Rd7 65. g7+ Rxg7 66. Nxg7 Kxg7 67. Rg6+ Kf7 68. axb3 Rb8 69. Rg3 Rb4 70. Ra4 Rd4 71. Rd3 Bc5 72. Rc4 Rxc4 73. bxc4 Nf8 74. Rg3 Nh7 75. Bf3 Nf8 76. Bh5+ Ke7 77. Rg7+ Kd8 78. Rf7 Be7 79. Bf3 Ke8 80. Rg7 Kd7 81. h5 Kd6 82. h6 e4 83. Bxe4 Bd8 84. h7 Nxh7 85. Rxh7 Ke5 86. Rd7 1-0

[Event "Erkel Memorial op"]
[Site "Gyula"]
[Date "1999.11.04"]
[Round "1"]
[White "Galyas, Miklos"]
[Black "Czapos, Peter"]
[Result "1-0"]
[WhiteElo "2433"]
[BlackElo "2144"]
[PlyCount "53"]
[EventDate "1999.11.??"]
[EventType "swiss"]
[EventRounds "9"]
[EventCountry "HUN"]
[SourceTitle "EXT 2004"]
[Source "ChessBase"]
[SourceDate "2003.11.25"]
[SourceVersion "1"]
[SourceVersionDate "2003.11.25"]
[SourceQuality "1"]

1. d4 Nf6 2. Bg5 d5 3. e3 Nbd7 4. Nf3 h6 5. Bh4 c6 6. c4 Qa5+ 7. Qd2 Qxd2+ 8. Nfxd2 g5 9. Bg3 Bg7 10. Nc3 e6 11. Be2 dxc4 12. Nxc4 Nd5 13. Nxd5 exd5 14. Nd6+ Ke7 15. Nf5+ Kf6 16. Bd3 Bf8 17. h4 g4 18. 0-0 Rg8 19. f3 Nb6 20. fxg4 Bxf5 21. Rxf5+ Ke6 22. Raf1 Bg7 23. Rxf7 Raf8 24. Rxb7 Rxf1+ 25. Kxf1 Nc4 26. Bf5+ Kf6 27. Be5+ 1-0